000
00288nam a2200145Ia 4500
100
_a
Maiwald/Eric
250
_a
2
942
_c
BK
654
_a
network
245
_a
Network Security
260
_b
Tata Mc Graw hill
_c
2003
082
_a
5.8
_b
MAI
300
_a
475
546
_a
ENGLISH
999
_c
35278
_d
35278